Animal Varieties #1 - Statistics

General Stats
  • This quiz has been taken 93,104 times
    78,784 since last reset
  • The average score is 14 of 20
Answer Stats
Varieties Animal % Correct
Great White, Hammerhead, Mako Shark
100%
Mamba, Python, Anaconda Snake
100%
Blue, Humpback, Sperm Whale
98%
Vampire, Fruit, Vesper Bat
91%
Bald, Golden, Harpy Eagle
87%
Hermit, King, Dungeness Crab
85%
Snapping, Box, Sea Turtle
83%
Carpenter, Leafcutter, Army Ant
81%
Clydesdale, Quarter, Mustang Horse
80%
King, Emperor, Rockhopper Penguin
80%
Bottlenose, Spinner, Common Dolphin
78%
Colobus, Rhesus, Howler Monkey
72%
Albacore, Bluefin, Bigeye Tuna
70%
Earth, Hook, Round Worm
68%
Rainbow, Brown, Brook Trout
62%
Dromedary, Bactrian Camel
60%
Coho, Sockeye, King Salmon
49%
Mountain, Lowland Gorilla
37%
Razor, Quahog, Geoduck Clam
34%
Red, Antilopine, Tree Kangaroo
14%
No matching quizzes found
Score Distribution
Percent of People with Each Score
Percentile by Number Answered
Your Score History
You have not taken this quiz since the last reset